000 00399nam a22001577a 4500
005 20251108170632.0
008 250721s1969 xx 000 0 eng d
082 1 4 _aF/THO
100 1 _aThoreau, Henry David
245 1 0 _aWalden :
_bLife in the woods /
264 1 _aNew York :
_bMacfadden - Bartell,
_c1969.
300 _a128p
650 1 7 _aEnglish Fiction
942 _2ddc
_cBK
999 _c45361
_d45361